| 000 | 00000nam##2200000za#4500 |
| 001 | 9.648836 |
| 003 | CaOODSP |
| 005 | 20210615113336 |
| 007 | ta |
| 008 | 150407|2003||||xxc||||| f|0| 0 eng|d |
| 020 | |a0-662-33817-0 |
| 040 | |aCaOODSP|beng |
| 043 | |an-cn--- |
| 086 | 1 |aH68-27/2002E |
| 110 | 1 |aCanada.|bHealth Canada. |bNational Council of Welfare. |
| 245 | 10|aWelfare incomes, 2002 : |ba report by the National Council of Welfare |
| 260 | |aOttawa - Ontario : |bHealth Canada. |c2003. |
| 300 | |aviii, 85p. : |bfigs., tables ; |c28 cm. |
| 563 | |aSoftcover |
| 590 | |a03-18|b2003-05-02 |
| 775 | 08|tRevenus de bien-être social, 2002 : |w(CaOODSP)9.682094 |
| 986 | |aNational Council of Welfare reports, Volume #119 |